000 00844nam a22002297a 4500
005 20170124110245.0
010 _aB-045752
020 _c00.00
035 _aB-045752
037 _bCen Lib/Ret
040 _aDPL
_bEN
082 _a346.02
_bARB
245 _aArbitration and contract law in SAARC countries with case law on UNCITRAL model law /
_bedited by Kwatra G. K
260 _aNew Delhi
_bIndian Council of Arbitration in co-operation with Federation of Indian Chambers of Commerce and Industry
_c2000
270 _aUSO House, 6 Special Institutional Area
_bNew Delhi
_e110067
300 _a307p.
_c25cm(Hb)
500 _aIncludes index
650 _aArbitration and award -- South Asia.
_997366
650 _aArbitration and award.
_939570
700 _aKwatra, G. K
_997367
942 _2ddc
_cEN
_h346.02
_mARB
999 _c135485
_d135485